| 000 | 00575nam a2200193 u 4500 | ||
|---|---|---|---|
| 005 | 20210223131056.0 | ||
| 008 | 090825s2005 r 000 0 eng d | ||
| 020 | _a8496089231 | ||
| 035 | _aUPN01000172021 | ||
| 049 | _aCG | ||
| 050 | 4 |
_aPS3527 A2 _bD5.8 |
|
| 100 | 1 | _aDilon, Ariel | |
| 245 | 1 | 0 |
_aVladimir Nabokov y las lecciones de literatura / _cAriel Dilon. |
| 260 |
_aMadrid : _bCampo de Ideas, _c2005. |
||
| 300 | _a127 p. | ||
| 440 | 0 | _aIntelectuales | |
| 600 | 1 | 4 |
_aNABOKOV, VLADIMIR VLADIMIROVICH, _d1899-1977 - _xCRITICA E INTERPRETACION _915076 |
| 905 | _aLibro | ||
| 999 |
_c144125 _d144125 |
||